[Event "Turtle Speed # 10"]
[Site "SchemingMind.com"]
[Date "2008.12.01"]
[Round "-"]
[White "Kombativ"]
[Black "staunton64"]
[Result "0-1"]
[WhiteCountry "ROU"]
[BlackCountry "FRA"]
[WhiteElo "1326"]
[WhiteRD "138"]
[BlackElo "1696"]
[BlackRD "71"]
[GameID "181263"]

1. d4 Nf6 2. c4 e6 3. Nc3 Bb4 4. Qc2 d5 5. e3 Nbd7 6. Bd2 Be7 7. Nf3 O-O 8. Bd3 c5 9. cxd5 cxd4 10. Nxd4 e5
11. Nf5 Nc5 12. e4 Nxd3+ 13. Qxd3 Re8 14. O-O Bxf5 15. exf5 Rc8 16. Rac1 Rc5
0-1

[Event "Turtle Speed # 10"]
[Site "SchemingMind.com"]
[Date "2008.12.01"]
[Round "-"]
[White "Kombativ"]
[Black "ApolloM"]
[Result "0-1"]
[WhiteCountry "ROU"]
[BlackCountry "CZE"]
[WhiteElo "1326"]
[WhiteRD "138"]
[BlackElo "2144"]
[BlackRD "98"]
[GameID "181264"]

1. d4 Nf6 2. c4 c5 3. e3 g6 4. Nc3 Bg7 5. Nf3 O-O 6. Bd3 d5 7. dxc5 dxc4 8. Bxc4 Qxd1+ 9. Nxd1 Ne4 10. O-O Nd7
11. c6 bxc6 12. Bd3 Ndc5 13. Bc2 Ba6 14. Nd4 Bxf1 15. Kxf1 Rfd8 16. Nb3 Rd7 17. f3 Nxb3
0-1

[Event "Turtle Speed # 10"]
[Site "SchemingMind.com"]
[Date "2008.12.01"]
[Round "-"]
[White "lame wolf"]
[Black "Kombativ"]
[Result "1-0"]
[WhiteCountry "INT"]
[BlackCountry "ROU"]
[WhiteElo "1107"]
[WhiteRD "47"]
[BlackElo "1245"]
[BlackRD "136"]
[GameID "181265"]

1. c4 Nf6 2. d4 e6 3. e3 d5 4. cxd5 exd5 5. Bd3 Bd6 6. e4 Nxe4 7. Qf3 Qe7 8. Bxe4 Qxe4+ 9. Qxe4+ dxe4 10. Be3 Nc6
11. Nc3 f5 12. d5 Nb4 13. Ke2 Nc2 14. Rc1 Nxe3 15. fxe3 Bd7 16. Kf2 O-O 17. Nge2 Rae8 18. a3 c6 19. b4 cxd5 20. Nxd5 Bc6
21. Ndf4 Bxf4 22. Nxf4 g5 23. Ne2 Rd8 24. Nd4 Ba4 25. Rc7 Rd7 26. Rxd7 Bxd7 27. Rc1 Rc8 28. Rxc8+ Bxc8 29. g3 a6 30. b5 Kf7
31. bxa6 bxa6 32. h3 Kf6 33. h4
1-0

[Event "Turtle Speed # 10"]
[Site "SchemingMind.com"]
[Date "2008.12.04"]
[Round "-"]
[White "cnbcad"]
[Black "Kombativ"]
[Result "1-0"]
[WhiteCountry "USA"]
[BlackCountry "ROU"]
[WhiteElo "1652"]
[WhiteRD "58"]
[BlackElo "1326"]
[BlackRD "138"]
[GameID "181266"]

1. e4 e6 2. d4 d5 3. Nd2 Nf6 4. e5 Nfd7 5. Bd3 c5 6. c3 Nc6 7. Ngf3 Qb6 8. O-O cxd4 9. cxd4 Nxd4 10. Qa4 Nxf3+
11. Nxf3 Bc5 12. Qg4 g6 13. b4 Qxb4 14. Qg5 Be7 15. Qe3
1-0

[Event "Turtle Speed # 10"]
[Site "SchemingMind.com"]
[Date "2008.12.01"]
[Round "-"]
[White "fishofchaos"]
[Black "Kombativ"]
[Result "1-0"]
[WhiteCountry "ENG"]
[BlackCountry "ROU"]
[WhiteElo "1883"]
[WhiteRD "74"]
[BlackElo "1326"]
[BlackRD "138"]
[GameID "181267"]

1. d4 Nf6 2. c4 e6 3. g3 d5 4. Bg2 c6 5. Qc2 Be7 6. Nd2 Nbd7 7. Ngf3 O-O 8. O-O c5 9. b3 Rb8 10. Bb2 b6
11. Ne5 Bb7 12. cxd5 Nxd5 13. a4 Nb4 14. Qd1 Bxg2 15. Kxg2 Nxe5 16. dxe5 Qd5+ 17. Nf3
1-0

[Event "Turtle Speed # 10"]
[Site "SchemingMind.com"]
[Date "2008.12.04"]
[Round "-"]
[White "staunton64"]
[Black "Kombativ"]
[Result "1-0"]
[WhiteCountry "FRA"]
[BlackCountry "ROU"]
[WhiteElo "1696"]
[WhiteRD "71"]
[BlackElo "1326"]
[BlackRD "138"]
[GameID "181270"]

1. c4 Nf6 2. Nc3 e5 3. g3 Bb4 4. Bg2 O-O 5. e4 Nc6 6. Nge2 d6 7. O-O Bxc3 8. bxc3 Be6 9. d3 Ne7 10. f4 exf4
11. Nxf4 Bg4 12. Qd2 Ng6 13. h3 Be6 14. Nxe6 fxe6 15. Ba3 e5 16. c5
1-0

[Event "Turtle Speed # 10"]
[Site "SchemingMind.com"]
[Date "2008.12.01"]
[Round "-"]
[White "ApolloM"]
[Black "Kombativ"]
[Result "1-0"]
[WhiteCountry "CZE"]
[BlackCountry "ROU"]
[WhiteElo "2144"]
[WhiteRD "98"]
[BlackElo "1326"]
[BlackRD "138"]
[GameID "181271"]

1. e4 e6 2. d4 d5 3. Nd2 Nf6 4. Bd3 dxe4 5. Nxe4 Be7 6. Nf3 O-O 7. Nxf6+ Bxf6 8. c3 Nd7 9. Qc2 h6 10. Bf4 Be7
11. h4 Nf6 12. Ne5 Nd5 13. Bg3 b6 14. Bh7+ Kh8 15. Be4 Rb8 16. Nc6 Qe8 17. Nxb8 Bb7 18. Bxc7
1-0